The strangest secret / (Record no. 5919)
[ view plain ]
| 000 -LEADER | |
|---|---|
| fixed length control field | 01364nim a2200337 a 4500 |
| 001 - CONTROL NUMBER | |
| JCCL Control Number | 5919 |
| 003 - CONTROL NUMBER IDENTIFIER | |
| JCCL marc code | BD-JhCC |
| 005 - DATE AND TIME OF LATEST TRANSACTION | |
| control field | 20210927134020.0 |
| 008 - FIXED-LENGTH DATA ELEMENTS--GENERAL INFORMATION | |
| fixed length control field | 171230s1988 ilu | |l0 | eng d |
| 020 ## - INTERNATIONAL STANDARD BOOK NUMBER | |
| International Standard Book Number | 9781442348431 |
| 020 ## - INTERNATIONAL STANDARD BOOK NUMBER | |
| International Standard Book Number | 1442348437 |
| 035 ## - SYSTEM CONTROL NUMBER | |
| system control number | (BD-JhCC)5919 |
| 040 ## - CATALOGING SOURCE | |
| Original cataloging agency | BD-JhCC |
| Transcribing agency | LPU |
| Modifying agency | BD-JhCC |
| -- | BTCTA |
| -- | OCLCO |
| -- | TEF |
| -- | DLC |
| -- | BD-JhCC |
| 041 ## - LANGUAGE CODE | |
| Language code of Book | eng |
| 050 00 - LIBRARY OF CONGRESS CALL NUMBER | |
| Classification number | SDC 22766 |
| 082 ## - DEWEY DECIMAL CLASSIFICATION NUMBER | |
| Classification number | 158 |
| Author mark and Year | NIG 2006 |
| 100 1# - MAIN ENTRY--PERSONAL NAME | |
| Personal name | Nightingale, Earl. |
| 245 14 - TITLE STATEMENT | |
| Title | The strangest secret / |
| Statement of responsibility, etc | Earl Nightingale. |
| 260 ## - PUBLICATION, DISTRIBUTION, ETC. (IMPRINT) | |
| Place of publication, distribution, etc | St. Niles, IL : |
| Name of publisher, distributor, etc | Nightingale-Conant Corp. ; |
| Place of publication, distribution, etc | New York : |
| Name of publisher, distributor, etc | Simon & Schuster Audio, |
| Date of publication, distribution, etc | 1988. |
| 300 ## - PHYSICAL DESCRIPTION | |
| Pagination | 5 sound discs (ca. 6 hrs.) : |
| Other physical details | digital, stereo. ; |
| Dimensions | 4 3/4 in. |
| 500 ## - GENERAL NOTE | |
| General note | Subtitle from container. |
| 500 ## - GENERAL NOTE | |
| General note | Unabridged. |
| 500 ## - GENERAL NOTE | |
| General note | Compact disc. |
| 520 ## - SUMMARY, ETC. | |
| Summary, etc | In 1956 Earl Nightingale delivered an electrifying message to the salespeople at his insurance company, and today it remains one of the most influential personal development messages ever made. This message has been expanded into a complete program that can help you discover the key to success in the business, no matter what changes may be happening in the world. |
| 650 #0 - SUBJECT ADDED ENTRY--TOPICAL TERM | |
| Topical term or geographic name as entry element | Success in business. |
| 650 #0 - SUBJECT ADDED ENTRY--TOPICAL TERM | |
| Topical term or geographic name as entry element | Success |
| General subdivision | Psychological aspects. |
| 650 #0 - SUBJECT ADDED ENTRY--TOPICAL TERM | |
| Topical term or geographic name as entry element | Self-realization. |
| 655 #7 - | |
| Genre/form data or focus term | Audiobooks. |
| Source of term | lcgft |
| 942 ## - ADDED ENTRY ELEMENTS (KOHA) | |
| Source of classification or shelving scheme | Dewey Decimal Classification |
| Koha item type | Books |
| Koha issues (borrowed), all copies | 5 |
| Source of classification or shelving scheme | Damaged status | Not for loan | Home library | Current library | Shelving location | Date of accession | Total Checkouts | Full call number | Barcode | Date last seen | Date checked out | Copy number | Koha item type |
|---|---|---|---|---|---|---|---|---|---|---|---|---|---|
| Dewey Decimal Classification | JCC Rouf Library | JCC Rouf Library | General Stacks | 12/30/2017 | 4 | 158.0 NIG 2006 | 7792 | 03/03/2022 | 02/24/2022 | C - 1 | Books |